Language Quiz

Random Language Quiz

Discurso indirecto Quiz Stats

 Plays Quiz not verified by Sporcle

Support Sporcle.
Go Orange.
Score 0/10 Timer 01:00
0 Plays Today
Tiempo inicial % Correct
future conditional
71.9%
conditional conditional
62.5%
imperfect imperfect
59.4%
present imperfect
56.3%
past perfect past perfect
53.1%
present subjunctive imperfect subjunctive
53.1%
present perfect past perfect
50%
preterite past perfect
50%
imperative imperfect subjunctive
37.5%
preteritepreterite
31.3%

You're not logged in!

Compare scores with friends on all Sporcle quizzes.
OR
Log In

From the Vault

One Team One State

by HoraceKohanim

These pro sports teams are soooo lonely.
Remove Ads.
Support Sporcle.
Get the best of Sporcle when you Go Orange. This ad-free experience offers more features, more stats, and more fun while also helping to support Sporcle. Thank you for becoming a member.

Show Comments

Extras

Created Feb 22, 2011ReportNominate

Top Quizzes Today


Score Distribution

Your Account Isn't Verified!

In order to create a playlist on Sporcle, you need to verify the email address you used during registration. Go to your Sporcle Settings to finish the process.

Report this User

Report this user for behavior that violates our Community Guidelines.

Details: